El discurso científico pedagógico : aspectos de la textualización del "saber enseñado" /

Guardado en:
Autor Principal: Vallejos Llobet, Patricia, comp.
Otros Autores: Río, Hevel Nora del, García Zamora, Mariana, González, Nora, Monti, Claudia, Palmucci, Daniela
Formato: Libro
Publicado: Bahía Blanca : Ediuns, 2004
Materias:
Etiquetas: Agregar Etiqueta
Sin Etiquetas, Sea el primero en etiquetar este registro!
LEADER 01659nam a22002655a 4500
001 CEM.cems012416
005 20070327155742.0
008 130507s2004##################000#0#####d
003 CEMS
020 |a 9871171013 
082 0 4 |a 370.1 
100 1 |a Vallejos Llobet, Patricia, comp. 
245 1 0 |a El discurso científico pedagógico :  |b aspectos de la textualización del "saber enseñado" /  |c Patricia Vallejos Llobet ; hevel Nora Del Río ; mariana García Zamora ; Nora González ; claudia Monti ; daniela Palmucci 
260 |a Bahía Blanca :  |b Ediuns,  |c 2004 
300 |a 188 p. 
504 |a Referencias bibliográficas p. 183-188 
505 0 |a Orientación en la perspectiva de análisis sistémico-funcional / Patricia Vallejos Llobet -- Manuales de historia: lectura comparada de dos textos / Hevel Nora del Río -- La construcción lingüística de la causalidad en el discurso científico. Ciencia de investigación y ciencia escolar / Mariana García Zamora -- La metáfora gramatical en los manuales de ciencia de nivel medio: dificultades en su comprensión / Nora González -- La definición y la clasificación en el discurso pedagógico de la Matemática / Claudia Monti -- Géneros multimodales en los manuales de ciencias naturales / Claudia Monti -- La historia de la ciencia en la transposición didáctica de la física / Patricia Vallejos Llobet 
653 |a Didáctica 
653 |a Discurso científico 
700 1 |a Río, Hevel Nora del 
700 1 |a García Zamora, Mariana 
700 1 |a González, Nora 
700 1 |a Monti, Claudia 
700 1 |a Palmucci, Daniela 
859 |a CEMS  |b BIB. CEMS - 11 de abril  |h 370.1  |i V246  |p 22502.04  |t Ej.1